Statistics for Marvel- Film Subjects

Click here to take the quiz!

General Stats

  • This quiz has been taken 120 times
    (91 since last reset)
  • The average score is 25 of 66

Answer Stats

Character/Team% Correct
CEO Anthony 'Tony' Stark/Iron Man
94%
Steven 'Steve' Rogers/Cpt. America
90%
Peter Parker/Spider-Man
86%
Prince Thor Odinson of Asgard
86%
Dr. Bruce Banner/The Hulk
85%
The Avengers
81%
King T'Challa of Wakanda/Black Panther
78%
Agt. Natalia Romanova/Natasha Romanoff/Black Widow
76%
The Guardians Of The Galaxy
76%
Scott Lang/Ant-Man
75%
Dr. Stephen Strange/Dr. Strange
74%
James 'Logan' Howlett/Wolverine
72%
The X-Men
71%
Att. Matthew 'Matt' Murdock/Daredevil
69%
Wade Wilson/Deadpool
67%
The Fantastic Four
64%
Carol Danvers/Cpt. Marvel
60%
Hope Van Dyne/The Wasp
60%
Francis 'Frank' Castle/The Punisher
58%
PI. Jessica Jones
58%
Charles 'Carl' Lucas/Lucas 'Luke' Cage
57%
Edward 'Eddie' Brock/Venom
57%
CEO Daniel 'Danny' Rand/Iron Fist
56%
Loki Laufeyson
54%
Elektra Natchios
53%
Jonathan 'Johnny' Blaze/Ghost Rider
51%
The Agents Of S.H.I.E.L.D
51%
The Defenders
50%
Eric Brooks/Blade
49%
The Inhumans
49%
Dir. Nicholas 'Nick' Fury
44%
The Runaways
43%
Tyrone Johnson/Cloak
42%
Howard The Duck
40%
Tandy Bowen/Dagger
40%
Agt. Margaret 'Peggy' Carter
35%
The Eternals
32%
Dr. Theodore 'Ted' Sallis/Man-Thing
31%
Norrin Radd/Silver Surfer
28%
David Haller/Legion
19%
Jessica Drew/Spider-Woman
17%
Big Hero 6
14%
David 'Dave' Lizewski/Kick-Ass
11%
Felicia Hardy/Black Cat
6%
Lorna Dane/Polaris
6%
Power Pack
6%
Generation X
4%
The New Warriors
4%
Vladimir 'Vlad' Tepes/Count Dracula
4%
Agt. Alexander 'Alec' Swan/Firearm
3%
Elena 'Yo-Yo' Rodriguez/Slingshot
3%
Silver Sablinova/Silver Sable
3%
Agt. Barbara 'Bobbi' Morse
1%
Agt. Gareth 'Gary' Unwin/Eggsy/Galahad
1%
Agt. James Edwards III/Agt. J
1%
Agt. Lance Hunter
1%
Benjamin Tucker/Solarman
1%
Christine Everhart
1%
Clarice Ferguson/Blink
1%
Det. Christian Walker/Diamond
1%
Franken (Frankenstein's Monster)
1%
Jonathan 'Johnny' Domino/Night Man
1%
Marcos Diaz/Eclipse
1%
Michael Morbius
1%
Thomas 'Tom' Hawke/Hardcase
0%
Ultraforce
0%

Score Distribution

Percentile by Number Answered

Percent of People with Each Score

Your Score History

You have not taken this quiz since the last reset